La Cenerentola : melodramma giocoso in due atti (Record no. 172085)

MARC details
000 -LEADER
campo de control de longitud fija 00904nam a2200229 i 4500
001 - NÚMERO DE CONTROL
campo de control 172085
003 - IDENTIFICADOR DE NÚMERO DE CONTROL
campo de control ES-MaACL
005 - FECHA Y HORA DE LA ÚLTIMA TRANSACCIÓN
campo de control 20250519193012.0
008 - DATOS DE LONGITUD FIJA--INFORMACIÓN GENERAL
campo de control de longitud fija 090612s1978 fr |||| | fre d
080 ## - NÚMERO DE LA CLASIFICACIÓN DECIMAL UNIVERSAL
Número de la Clasificación Decimal Universal 782.6
100 1# - ENTRADA PRINCIPAL--NOMBRE DE PERSONA
Nombre de persona Ferretti, Jacopo.
9 (RLIN) 140671
245 13 - MENCIÓN DEL TÍTULO
Título La Cenerentola : melodramma giocoso in due atti
Resto del título = Cendrillon : opéra-bouffe en deux actes /
Mención de responsabilidad, etc. musique de Gioacchino Rossini (1792-1868) ; libretto di Jacopo Ferretti ; traduction française de Gilles de Van.
246 11 - FORMA VARIANTE DEL TITULO
Título propio/Titulo breve Cendrillon
260 ## - PUBLICACIÓN, DISTRIBUCIÓN, ETC.
Lugar de publicación, distribución, etc. Paris :
Nombre del editor, distribuidor, etc. Gérard Billaudot,
Fecha de publicación, distribución, etc. 1978.
300 ## - DESCRIPCIÓN FÍSICA
Extensión 123 p. ;
Dimensiones 18 cm.
490 1# - MENCIÓN DE SERIE
Mención de serie Opéra de Paris. Bilingue
650 #4 - PUNTO DE ACCESO ADICIONAL DE MATERIA--TÉRMINO DE MATERIA
Término de materia o nombre geográfico como elemento de entrada Operetas-
Subdivisión de forma Libretos.
9 (RLIN) 139352
700 1# - ENTRADA AGREGADA--NOMBRE PERSONAL
Nombre de persona Rossini, Gioachino,
Fechas asociadas al nombre 1792-1868
9 (RLIN) 240542
830 0# - PUNTO DE ACCESO ADICIONAL DE SERIE-TÍTULO UNIFORME
Título uniforme Opéra de Paris. Bilingue
9 (RLIN) 189043
852 4# - LOCALIZACIÓN
Ubicación ES-MaACL
Número de control de estantería E-12711
itemnumber R.190295
Nota libre . - Biblioteca Jacinto Martínez Lacalle
Holdings
Estatus retirado Estado de pérdida Estado de daño No para préstamo Biblioteca de origen Biblioteca actual Ubicación en estantería Fecha de adquisición Fuente de adquisición Total de préstamos Signatura topográfica completa Código de barras Visto por última vez Precio de reemplazo Tipo de ítem Koha
        Biblioteca del Ateneo de Madrid Biblioteca del Ateneo de Madrid Depósito 2 12/06/2009     E-12711 1180591 23/02/2023 23/02/2023 Libro impreso